| 000 | 00000nam##2200000za#4500 |
| 001 | 9.566509 |
| 003 | CaOODSP |
| 005 | 20210624180325 |
| 007 | cr ||||||||||| |
| 008 | 150406|1999||||xxc|||||o f|0| 0 eng|d |
| 040 | |aCaOODSP|beng |
| 043 | |an-cn--- |
| 086 | 1 |aTU3-5/99-13E-PDF |
| 110 | 2 |aTransportation Safety Board of Canada. |
| 245 | 10|aIn-flight fire - Aerospatiale AS 355 F1 Twinstar (helicopter) C-GTUI, Fairview, Alberta 10 NM E, 28 April 1999 |h[electronic resource] |
| 260 | |aGatineau - Quebec : |bTransportation Safety Board of Canada |c[2000]. |
| 300 | |a23p.|bglossary, references, photographs |
| 490 | 1 |aAviation investigation report |vA99W0061 |
| 590 | |a10-10-Supp|b2010-11-09 |
| 775 | 08|tIncendie en vol - Aerospatiale AS 355 F1 Twinstar (hélicoptère) C-GTUI 10 nm à l'est de Fairview (Alberta) le 28 avril 1999 |w(CaOODSP)9.597980 |
| 830 | #0|aAviation investigation report ;|vA99W0061|w(CaOODSP)9.504825 |
| 856 | 40|ahttp://publications.gc.ca|qPDF|s703 KB|uhttps://publications.gc.ca/collections/collection_2009/bst-tsb/TU3-5-99-13E.pdf|yA99W0061 |